Movies Quiz

Random Movies or Clickable Quiz

Amazon Movie Reviews V Quiz Stats

Quiz Updated Aug 25, 2016

Challenge
Share
Tweet
Embed
Score 0/20 Timer 08:00
2 Plays Today
% Correct
Harry Potter and the Goblet of Fire
94.9%
Goodfellas
89.6%
50 First Dates
88.4%
Reservoir Dogs
86.4%
Ferris Bueller's Day Off
84.5%
Grease
84.2%
Fight Club
83.1%
The Imitation Game
81.4%
Pineapple Express
80.7%
I Know What You Did Last Summer
77.8%
% Correct
Good Will Hunting
76%
Girl, Interrupted
75.8%
Runaway Bride
74.8%
The Town
74.1%
Halloween
72.6%
The Breakfast Club
69.5%
Mean Girls
67.8%
Rocky IV
65%
Tangled
56.1%
Breakfast at Tiffany's
54.2%

You're not logged in!

Compare scores with friends on all Sporcle quizzes.
Join for Free
OR
Log In

You Might Also Like...

Show Comments

Extras

Top Quizzes Today


Score Distribution

Your Account Isn't Verified!

In order to create a playlist on Sporcle, you need to verify the email address you used during registration. Go to your Sporcle Settings to finish the process.

Report this User

Report this user for behavior that violates our Community Guidelines.

Details: